000 00762nam a2200241Ia 4500
003 OSt
005 20220923220718.0
006 a|||||r|||| 00| 0
007 ta
008 220922b |||||||| |||| 00| 0 hin d
024 _a189,519
037 _cTextual
040 _aARTS
_cARTS
_bhin
041 _2hin
_ahin
082 _aO152,2N27,9, J8
100 _aप्रेमी, हरि कृष्ण
245 0 _aविदा
_b ऐतिहासिक नाटक
246 _aVidā: aitihāsik nāṭaka
260 _aइलाहाबाद
_b हिन्दी भवन
_c1958
300 _a130पृ.
_ccm.
942 _hO152,2N27,9, J8
_cTEXL
_2CC
999 _c342362
_d342362